00919pam a2200265 i 4500003000500000005001700005008004100022022001400063040002500077245002500102264007000127300003900197336002600236337002800262338002700290362002300317362002300340490006400363504004100427521003600468650003200504650004100536650004100577700003500618CSPC20251215103237.0121525c2011 ck br p 001 0 eng  20279-5442 aCSPCcCSPCbengerda00aCritical care nurse. aColumbia :bAmerican Association of Critical- Care Nurses,c2011. avolumes :billustrstions ;c27 cm. atextbtxt2rdacontent aunmediatedbn2rdamedia avolumebnc2rdacarrier aVolume 3, Number 3 aVolume 3, Number 40 aThe Journal for High Acuity, Progressive, and Critical Care aIncludes bibliographical references. aCollege of Health and Sciences. 2aCritical carexPeriodicals. 2aCritical care medicinexPeriodicals. 2aIntensive care nursingxPeriodicals.1 aAlspach, JoAnn Grif.,eeditor.